LEADER 00847nam0-22003251i-450 001 990001742120403321 005 20200226132354.0 010 $a88-7021-002-2 035 $a000174212 035 $aFED01000174212 035 $a(Aleph)000174212FED01 035 $a000174212 100 $a20030910d1985----km-y0itay50------ba 101 1 $aita$cger 102 $aIT 105 $aa 001yy 200 1 $a<>rose$fJoachim Zech 210 $aPadova$cFranco Muzzio Ed.$d1985 215 $a70 p.$c120 fot.$d19 cm 225 1 $aGuide del naturalista$v1 610 0 $aRose 676 $a635.933644$v23$zita 700 1$aZech,$bJoachim$075455 801 0$aIT$bUNINA$gRICA$2UNIMARC 901 $aBK 912 $a990001742120403321 952 $a60 635.933 ZECJ 1985$b2380$fFAGBC 959 $aFAGBC 996 $aRose$9366181 997 $aUNINA LEADER 01477nam 2200361Ia 450 001 996386886903316 005 20221108034434.0 035 $a(CKB)4940000000078151 035 $a(EEBO)2240953183 035 $a(OCoLC)12626207 035 $a(EXLCZ)994940000000078151 100 $a19851002d1657 uy | 101 0 $aeng 135 $aurbn||||a|bb| 200 12$aA vindication of Scripture and ministery$b[electronic resource] $ein a rejoynder to a reply not long since published by Thomas Speed ... : wherein sundry Scriptures are explained, divers questions (relating to these times) discussed, and the truth asserted against the exceptions of papists and Quakers : whereunto is adjoyned a postscript reflecting upon and returning answer to divers passages in Thomas Speed his last pamphlet /$fby William Thomas .. 210 $aLondon $cPrinted for Edward Thomas ...$d1657 215 $a[8], 80, [10] p 300 $aA reply to Thomas Speed's "The guilty-covered clergy-man unvailed." 300 $aReproduction of original in Bodleian Library. 330 $aeebo-0014 606 $aSociety of Friends$vControversial literature 615 0$aSociety of Friends 700 $aThomas$b William$f1593-1667.$0845280 801 0$bEAA 801 1$bEAA 801 2$bOCL 801 2$bEAA 801 2$bm/c 801 2$bWaOLN 906 $aBOOK 912 $a996386886903316 996 $aA vindication of Scripture and ministery$92401604 997 $aUNISA LEADER 00966nam a2200241 i 4500 001 991002028829707536 005 20020508185255.0 008 970418s1960 de ||| | ger 035 $ab10948636-39ule_inst 035 $aPARLA153239$9ExL 040 $aDip.to Scienze dell'Antichità$bita 100 1 $aSeel, Otto$0386071 245 10$aAristophanes oder Versuch uber Komodie /$cOtto Seel 260 $aStuttgart :$bKlett,$c1960 300 $a179 p. ;$c22 cm 650 4$aAristofane 907 $a.b10948636$b02-04-14$c28-06-02 912 $a991002028829707536 945 $aLE007 880.1 Aristophanes SEE 01.501$g1$i2015000107619$lle007$o-$pE0.00$q-$rl$s- $t0$u0$v0$w0$x0$y.i11055996$z28-06-02 945 $aLE007 880.1 Aristophanes SEE 01.501$g2$i2007000174463$lle007$o-$pE0.00$q-$rl$s- $t0$u0$v0$w0$x0$y.i14941090$z10-03-09 996 $aAristophanes oder Versuch uber Komodie$9863302 997 $aUNISALENTO 998 $ale007$b01-01-97$cm$da $e-$fger$gde $h0$i1